| 000 | 00891cam a2200301 4500 | ||
|---|---|---|---|
| 001 | 2200607 | ||
| 003 | ARRUPE | ||
| 005 | 20150116175706.0 | ||
| 008 | 730918s1973 enkb b 000 0 eng | ||
| 010 | _a 73169731 | ||
| 015 | _aGB73-14464 | ||
| 020 | _a0900033134 | ||
| 040 |
_aDLC _cDLC _dDLC |
||
| 043 | _af-mw--- | ||
| 050 | 0 | 0 |
_aSPC DT859.62 _b.M32 |
| 082 | 0 | 0 | _a309.1/689/704 |
| 245 | 0 | 0 | _aMalawi - dialogue and development. |
| 260 |
_aLondon, _bAfrica Publications Trust, _c1973. |
||
| 300 |
_a[1], 24 p. _bmap. _c21 cm. |
||
| 350 | _a£0.60 | ||
| 500 | _aCover title. | ||
| 504 | _aIncludes bibliographical references. | ||
| 651 | 0 |
_aMalawi _xForeign relations _y1964- _914179 |
|
| 651 | 0 |
_aMalawi _xEconomic conditions. _99854 |
|
| 651 | 0 |
_aMalawi _xPolitics and government _y1964-1994. _99855 |
|
| 906 |
_a7 _bcbc _corignew _d3 _encip _f19 _gy-gencatlg |
||
| 942 |
_2lcc _cSPC |
||
| 999 |
_c121749 _d121749 |
||